50 temas sobre producción de ajo
Guardado en:
| Autor Principal: | |
|---|---|
| Autor Corporativo: | |
| Formato: | Electrónico |
| Idioma: | Spanish |
| Publicado: |
La Consulta :
INTA Estación Experimental Agropecuaria La Consulta,
1997.
|
| Materias: | |
| Acceso en línea: | Acceso a texto completo vol. 3 Acceso a texto completo vol. 4 |
| Etiquetas: |
Agregar Etiqueta
Sin Etiquetas, Sea el primero en etiquetar este registro!
|
| LEADER | 00918nmm a22001695a 4500 | ||
|---|---|---|---|
| 001 | EEA.libagro009595 | ||
| 008 | 140416s1997####ag##################spa | ||
| 005 | 20211019173433.0 | ||
| 245 | 1 | 0 | |a 50 temas sobre producción de ajo |h [recurso electrónico] / |c José Luis Burba, editor. |
| 260 | |a La Consulta : |b INTA Estación Experimental Agropecuaria La Consulta, |c 1997. | ||
| 505 | 0 | |a v. 3. Ingeniería de cultivo -- v. 4. Manejo post-cosecha. | |
| 538 | |a Modo de acceso: World Wide Web. | ||
| 100 | 1 | |a Burba, José Luis. | |
| 710 | 2 | |a Instituto Nacional de Tecnología Agropecuaria (Argentina). |b Estación Experimental Agropecuaria La Consulta. | |
| 655 | 7 | |a Libros electrónicos | |
| 856 | 4 | 0 | |3 Acceso a texto completo vol. 3 |u https://inta.gob.ar/documentos/50-temas-sobre-produccion-de-ajo-ingenieria-de-cultivo |
| 856 | 4 | 0 | |3 Acceso a texto completo vol. 4 |u https://inta.gob.ar/documentos/50-temas-sobre-produccion-de-ajo-manejo-post-cosecha |
